[Event "BL 9293 Kirchheim-Empor Berlin"]
[Site "?"]
[Date "1993.??.??"]
[Round "?.2"]
[White "Gschnitzer, O."]
[Black "Kovalev, A."]
[Result "1/2-1/2"]
[WhiteElo "2475"]
[BlackElo "2555"]
[PlyCount "119"]
[EventDate "1993.??.??"]

1. Nf3 d6 2. d4 Nf6 3. c4 g6 4. Nc3 Bg7 5. e4 O-O 6. Be2 e5 7. O-O Na6 8. Re1
c6 9. Bf1 Bg4 10. d5 Nb4 11. Be2 a5 12. Rb1 Na6 13. Be3 Bd7 14. Nd2 Ne8 15.
dxc6 bxc6 16. c5 Nxc5 17. Bxc5 dxc5 18. Nb3 Qe7 19. Na4 Be6 20. Naxc5 a4 21.
Nxe6 fxe6 22. Nd2 Nd6 23. Qc2 Nb5 24. Nf3 Rfc8 25. Rec1 Nd4 26. Nxd4 exd4 27.
Bg4 h5 28. Qc5 Kf7 29. Bd1 Qxc5 30. Rxc5 Ra6 31. Kf1 Rb8 32. Ke2 a3 33. b3 Bf8
34. Rc4 e5 35. Kd3 Bb4 36. f4 c5 37. f5 Rh8 38. Bf3 gxf5 39. exf5 Kf6 40. Rf1
Ra7 41. Be4 Rg8 42. Rc2 Bc3 43. Re2 Rg4 44. Bd5 Rd7 45. Be4 Rg8 46. Bf3 Rg5 47.
Be4 Rc7 48. Ref2 Rg8 49. Re2 Rb8 50. Bd5 Rd7 51. Be6 Rg7 52. Bd5 Rg5 53. Be4
Rb4 54. Bd5 Rxf5 55. Rxf5+ Kxf5 56. Rf2+ Kg5 57. Re2 Kf6 58. Rf2+ Kg6 59. Re2
Kf6 60. Rf2+ 1/2-1/2

[Event "BL 9293 Kirchheim-Empor Berlin"]
[Site "?"]
[Date "1993.??.??"]
[Round "?.3"]
[White "Muse, M."]
[Black "Vokac, M."]
[Result "1/2-1/2"]
[WhiteElo "2490"]
[BlackElo "2435"]
[PlyCount "90"]
[EventDate "1993.??.??"]

1. d4 g6 2. e4 Bg7 3. c4 d6 4. Nc3 Nf6 5. Be2 O-O 6. Bg5 c5 7. d5 h6 8. Bf4 Re8
9. Qd2 h5 10. h3 e6 11. dxe6 Bxe6 12. Nf3 Nc6 13. Ng5 Nd4 14. O-O a6 15. Bd3
Rb8 16. Be3 b5 17. cxb5 axb5 18. f4 Bc4 19. Bxc4 bxc4 20. Bxd4 cxd4 21. Qxd4
Nxe4 22. Qxc4 Nxg5 23. fxg5 Qxg5 24. Rf2 Kh8 25. Rd1 Qc5 26. Qxc5 dxc5 27. Kf1
f5 28. Rc2 Kh7 29. b3 Bd4 30. Ne2 Be3 31. g3 h4 32. gxh4 Rb7 33. Rc4 Kh6 34.
Kg2 Rbe7 35. Rd6 Kh7 36. Kf3 Bh6 37. Nf4 Bxf4 38. Kxf4 Re3 39. Kg5 Rg3+ 40. Kf6
Rf8+ 41. Ke7 Kg7 42. Rxc5 Re3+ 43. Re6 Rf7+ 44. Kd6 Rxh3 45. b4 Rxh4 1/2-1/2

[Event "BL 9293 Kirchheim-Empor Berlin"]
[Site "?"]
[Date "1993.??.??"]
[Round "?.4"]
[White "Beckhuis, G."]
[Black "Poldauf, D."]
[Result "0-1"]
[WhiteElo "2195"]
[BlackElo "2400"]
[PlyCount "90"]
[EventDate "1993.??.??"]

1. d4 Nf6 2. c4 g6 3. Nc3 Bg7 4. e4 d6 5. f3 O-O 6. Be3 e5 7. d5 Nh5 8. Qd2 f5
9. O-O-O Nd7 10. Bd3 a6 11. Nge2 Nc5 12. Bc2 b5 13. b4 Nd7 14. cxb5 axb5 15.
Nxb5 Rxa2 16. Nec3 Ra8 17. Na7 fxe4 18. Nc6 Qe8 19. Bxe4 Ndf6 20. Kb2 Nxe4 21.
fxe4 Nf6 22. h3 Nh5 23. Nb5 Qd7 24. Ra1 Ba6 25. Nc3 Ng3 26. Rhe1 Bc4 27. Bf2
Bh6 28. Be3 Bxe3 29. Qxe3 Nf1 30. Rxa8 Nxe3 31. Rxf8+ Kxf8 32. Rxe3 Kg7 33. Nd1
Bf1 34. Rg3 Bb5 35. Rc3 h5 36. Ne3 Kh6 37. g4 h4 38. Kb3 Qe8 39. Na5 Qf7 40.
g5+ Kxg5 41. Nb7 Qd7 42. Ng4 Ba4+ 43. Kb2 c6 44. Na5 cxd5 45. exd5 Qb5 0-1

[Event "BL 9293 Kirchheim-Empor Berlin"]
[Site "?"]
[Date "1993.??.??"]
[Round "?.5"]
[White "Stern, R."]
[Black "Vonthron, H."]
[Result "1-0"]
[WhiteElo "2345"]
[BlackElo "2370"]
[PlyCount "95"]
[EventDate "1993.??.??"]

1. d4 g6 2. c4 Bg7 3. Nf3 d6 4. g3 Nc6 5. Bg2 e5 6. d5 Nce7 7. O-O f5 8. Nc3
Nf6 9. Ng5 O-O 10. Qb3 Rb8 11. c5 Kh8 12. cxd6 cxd6 13. Rd1 b5 14. a3 f4 15. e3
Nf5 16. Nce4 Nxe4 17. Nxe4 f3 18. Bf1 h5 19. Bd2 h4 20. Rac1 Nxg3 21. fxg3 Bf5
22. Bd3 Bxe4 23. Bxe4 Qg5 24. Be1 Qg4 25. Qd3 Bh6 26. Bf2 Rf5 27. Bxf5 gxf5 28.
Kf1 Qh3+ 29. Ke1 Qxh2 30. Qxf5 hxg3 31. Rc8+ Rxc8 32. Qxc8+ Kh7 33. Qf5+ Kh8
34. Qf6+ Kh7 35. Qf5+ Kh8 36. Qxf3 gxf2+ 37. Qxf2 Qh5 38. Kd2 e4 39. Kc2 Bg7
40. Qf4 Qe2+ 41. Rd2 Qc4+ 42. Kb1 b4 43. Qh4+ Kg8 44. Qd8+ Kh7 45. Rh2+ Kg6 46.
Qe8+ Kf6 47. Qe6+ Kg5 48. Rg2+ 1-0

[Event "BL 9293 Kirchheim-Empor Berlin"]
[Site "?"]
[Date "1993.??.??"]
[Round "?.6"]
[White "Burkart, P."]
[Black "Thinius, M."]
[Result "1/2-1/2"]
[WhiteElo "2285"]
[BlackElo "2310"]
[PlyCount "82"]
[EventDate "1993.??.??"]

1. d4 d5 2. Nf3 Nf6 3. c4 c6 4. e3 e6 5. Nbd2 c5 6. b3 cxd4 7. Nxd4 Bb4 8. Bb2
O-O 9. a3 Be7 10. Be2 b6 11. cxd5 Nxd5 12. O-O Bb7 13. Rc1 Bf6 14. Ne4 Be7 15.
Bd3 Nf6 16. Qc2 Nbd7 17. b4 Rc8 18. Qb1 Rxc1 19. Rxc1 Qa8 20. Nxf6+ Nxf6 21. f3
h6 22. Qc2 Nd5 23. e4 Rc8 24. Qb3 Nf4 25. Bf1 Bf6 26. Ne2 Nxe2+ 27. Bxe2 Bd4+
28. Kf1 Rxc1+ 29. Bxc1 Qb8 30. Qc4 Qe5 31. g3 Qf6 32. Kg2 e5 33. Bd3 Kh7 34.
Qc7 Qc6 35. Qxc6 Bxc6 36. Bc4 Kg8 37. Kf1 b5 38. Bb3 Kf8 39. Ke2 Ke7 40. Be3
Bxe3 41. Kxe3 f6 1/2-1/2

[Event "BL 9293 Kirchheim-Empor Berlin"]
[Site "?"]
[Date "1993.??.??"]
[Round "?.7"]
[White "Rosenthal, D."]
[Black "Mudelsee, M."]
[Result "1-0"]
[WhiteElo "2330"]
[BlackElo "2255"]
[PlyCount "85"]
[EventDate "1993.??.??"]

1. e4 c5 2. Nf3 d6 3. d4 cxd4 4. Nxd4 Nf6 5. Nc3 a6 6. a4 b6 7. g3 Bb7 8. Bg2
e6 9. O-O Qc7 10. f4 Nc6 11. Nb3 Be7 12. Be3 O-O 13. Qe2 Na5 14. Nxa5 bxa5 15.
Rad1 Bc6 16. Bd4 e5 17. Be3 Rab8 18. Bc1 Rb4 19. b3 Rc8 20. Rf2 Rd4 21. Bb2
Rxd1+ 22. Nxd1 Rd8 23. Rf1 exf4 24. gxf4 d5 25. e5 Ne4 26. Kh1 f5 27. exf6 Bxf6
28. Bxf6 Nxf6 29. c4 Kh8 30. Ne3 d4 31. Nd5 Qb7 32. Qe7 Qxe7 33. Nxe7 Bxg2+ 34.
Kxg2 d3 35. Nc6 Rd6 36. Ne5 Kg8 37. Rd1 d2 38. c5 Rd4 39. Nc4 Ne4 40. c6 Rd8
41. Kf3 Re8 42. c7 Nc5 43. Nd6 1-0

[Event "BL 9293 Sindelfingen-Stadthagen"]
[Site "?"]
[Date "1993.??.??"]
[Round "?.1"]
[White "Sax, G."]
[Black "Luther, T."]
[Result "0-1"]
[WhiteElo "2570"]
[BlackElo "2465"]
[PlyCount "58"]
[EventDate "1993.??.??"]

1. e4 e6 2. d4 d5 3. Nc3 Nf6 4. e5 Nfd7 5. Nce2 c5 6. c3 Nc6 7. f4 Qb6 8. Nf3
f6 9. a3 Be7 10. b4 cxd4 11. cxd4 O-O 12. Qd3 Qc7 13. Qc2 b5 14. exf6 Nxf6 15.
Ng3 Qb6 16. Qd3 a5 17. bxa5 Rxa5 18. Rb1 b4 19. Bd2 Qa7 20. axb4 Ra3 21. Qc2
Nxd4 22. Nxd4 Qxd4 23. Be2 Ne4 24. Nxe4 dxe4 25. Qc4 Qxc4 26. Bxc4 e3 27. Bc1
Rc3 28. Ba2 Rxf4 29. b5 Rf2 0-1

[Event "BL 9293 Sindelfingen-Stadthagen"]
[Site "?"]
[Date "1993.??.??"]
[Round "?.2"]
[White "Gabriel, C."]
[Black "Khalifman, A."]
[Result "1/2-1/2"]
[WhiteElo "2500"]
[BlackElo "2630"]
[PlyCount "37"]
[EventDate "1993.??.??"]

1. c4 Nf6 2. Nc3 e5 3. Nf3 Nc6 4. g3 Bc5 5. d3 h6 6. Bg2 d6 7. h3 O-O 8. O-O
Be6 9. e3 Bb6 10. b3 Re8 11. Bb2 a6 12. Ne2 Bf5 13. a3 Qd7 14. Kh2 Rad8 15. b4
Bh7 16. d4 e4 17. Nd2 d5 18. Nc3 Ne7 19. Na4 1/2-1/2

[Event "BL 9293 Sindelfingen-Stadthagen"]
[Site "?"]
[Date "1993.??.??"]
[Round "?.4"]
[White "Mohr, S."]
[Black "Tischbierek, R."]
[Result "1/2-1/2"]
[WhiteElo "2440"]
[BlackElo "2490"]
[PlyCount "25"]
[EventDate "1993.??.??"]

1. d4 d5 2. c4 c6 3. Nc3 Nf6 4. e3 g6 5. Nf3 Bg7 6. Be2 O-O 7. O-O a6 8. Qb3
dxc4 9. Bxc4 b5 10. Be2 Bf5 11. a4 Nbd7 12. Rd1 Qb6 13. axb5 1/2-1/2

[Event "BL 9293 Sindelfingen-Stadthagen"]
[Site "?"]
[Date "1993.??.??"]
[Round "?.5"]
[White "Keitlinghaus, L."]
[Black "Marinkovic, I."]
[Result "1/2-1/2"]
[WhiteElo "2455"]
[BlackElo "2445"]
[PlyCount "65"]
[EventDate "1993.??.??"]

1. e4 Nf6 2. e5 Nd5 3. d4 d6 4. Nf3 g6 5. Bc4 Nb6 6. Bb3 Bg7 7. Qe2 Nc6 8. h3
O-O 9. O-O Na5 10. Re1 d5 11. Bf4 f6 12. Nbd2 g5 13. Bg3 h6 14. e6 f5 15. Be5
Bxe5 16. Nxe5 Rf6 17. f4 Qf8 18. fxg5 hxg5 19. Qh5 Qg7 20. Ndf3 Bxe6 21. Qxg5
Nac4 22. Qxg7+ Kxg7 23. Ng5 Bg8 24. Nd3 Kh6 25. h4 Re8 26. Bxc4 Nxc4 27. b3 Nd6
28. Nc5 Kh5 29. Nf3 c6 30. Re5 b6 31. Na6 e6 32. Rae1 Rc8 33. Nb4 1/2-1/2

[Event "BL 9293 Sindelfingen-Stadthagen"]
[Site "?"]
[Date "1993.??.??"]
[Round "?.7"]
[White "Gauglitz, G."]
[Black "Werner, Marc"]
[Result "1-0"]
[WhiteElo "2415"]
[BlackElo "2350"]
[PlyCount "75"]
[EventDate "1993.??.??"]

1. d4 Nf6 2. Nf3 g6 3. c4 Bg7 4. g3 O-O 5. Bg2 d6 6. O-O Nbd7 7. Nc3 e5 8. h3
c6 9. e4 Qb6 10. Re1 exd4 11. Nxd4 Ne8 12. Nb3 Qb4 13. Bf1 Nc5 14. Bg5 Bf6 15.
Bxf6 Nxb3 16. Be7 Nxa1 17. Qxa1 f6 18. Bxf8 Kxf8 19. a3 Qb6 20. b4 Be6 21. c5
Qc7 22. cxd6 Qxd6 23. e5 fxe5 24. Ne4 Qd4 25. Qc1 Bf5 26. Nc5 Qd6 27. Nxb7 Qe7
28. Qh6+ Ng7 29. Na5 Qf6 30. Qxh7 Re8 31. Bc4 Be6 32. Rd1 e4 33. Qh8+ Kf7 34.
Rd7+ Re7 35. Rxe7+ Kxe7 36. Nxc6+ Kd6 37. Na5 e3 38. Qb8+ 1-0

[Event "BL 9293 Bochum-Dresden"]
[Site "?"]
[Date "1993.??.??"]
[Round "?.3"]
[White "Dobrovolsky, L."]
[Black "Schulz, KJ."]
[Result "0-1"]
[WhiteElo "2405"]
[BlackElo "2415"]
[PlyCount "78"]
[EventDate "1993.??.??"]

1. e4 Nf6 2. e5 Nd5 3. Nc3 Nxc3 4. bxc3 d6 5. f4 g6 6. Nf3 Bg7 7. d4 O-O 8. Bd3
c5 9. O-O dxe5 10. dxe5 Nc6 11. Qe1 Qa5 12. f5 c4 13. Be4 Nxe5 14. Nd4 Nc6 15.
Bxc6 bxc6 16. Qg3 Bd7 17. Bg5 c5 18. Ne2 f6 19. fxg6 fxg5 20. Qxg5 Qc7 21. Nf4
Qe5 22. gxh7+ Kxh7 23. Qh4+ Kg8 24. Ng6 Qe3+ 25. Kh1 Rxf1+ 26. Rxf1 Re8 27. Re1
Qh6 28. Qe4 e6 29. h3 Bc6 30. Qxc6 Qxg6 31. Qxc5 Bxc3 32. Re3 Bd2 33. Re2 c3
34. Qxa7 Rf8 35. Rf2 Rxf2 36. Qxf2 Qxc2 37. Qg3+ Kf7 38. Qc7+ Kf6 39. Qf4+ Bxf4
0-1

[Event "BL 9293 Bochum-Dresden"]
[Site "?"]
[Date "1993.??.??"]
[Round "?.4"]
[White "Jackelen, T."]
[Black "Kaminski, U."]
[Result "1/2-1/2"]
[WhiteElo "2420"]
[BlackElo "2400"]
[PlyCount "72"]
[EventDate "1993.??.??"]

1. Nf3 Nf6 2. c4 g6 3. Nc3 Bg7 4. e4 d6 5. d4 O-O 6. Be2 e5 7. O-O Nc6 8. Be3
Ng4 9. Bg5 f6 10. Bc1 f5 11. Bg5 Bf6 12. Bxf6 Nxf6 13. exf5 gxf5 14. dxe5 dxe5
15. Qxd8 Rxd8 16. Nd5 Ne8 17. Rad1 Be6 18. Rfe1 Kg7 19. Bf1 e4 20. Ng5 Bg8 21.
f3 h6 22. Nh3 exf3 23. gxf3 Rd6 24. Nxc7 Rxd1 25. Rxd1 Nxc7 26. Rd7+ Kf6 27.
Rxc7 Rd8 28. Rxb7 Rd2 29. Nf4 Nd4 30. Bg2 Bxc4 31. b3 Ba6 32. Rxa7 Rxa2 33.
Nd5+ Kg5 34. Nb4 Ne2+ 35. Kf2 Rb2 36. Nxa6 Nf4+ 1/2-1/2

[Event "BL 9293 Bochum-Dresden"]
[Site "?"]
[Date "1993.??.??"]
[Round "?.6"]
[White "Luecke, N."]
[Black "Heinatz, T."]
[Result "1-0"]
[WhiteElo "2410"]
[BlackElo "2365"]
[PlyCount "83"]
[EventDate "1993.??.??"]

1. e4 c5 2. Nf3 Nc6 3. d4 cxd4 4. Nxd4 g6 5. Nc3 Bg7 6. Be3 Nf6 7. Bc4 O-O 8.
Bb3 a5 9. O-O Ng4 10. Qxg4 Nxd4 11. Qh4 Nxb3 12. axb3 Ra6 13. Bh6 Re6 14. Bxg7
Kxg7 15. Nd5 b5 16. Rfe1 Bb7 17. c4 bxc4 18. bxc4 Qc8 19. b3 Qc5 20. Qg3 Qd4
21. Qe3 Qxe3 22. Rxe3 Bxd5 23. exd5 Rxe3 24. fxe3 Ra8 25. Ra4 Rb8 26. Rxa5 Rxb3
27. Ra7 Rxe3 28. Rxd7 f5 29. d6 Kf6 30. dxe7 Rxe7 31. Rxe7 Kxe7 32. Kf2 Kd6 33.
Ke3 Kc5 34. Kd3 g5 35. Kc3 h5 36. Kd3 h4 37. h3 f4 38. Ke4 Kxc4 39. Kf5 Kd4 40.
Kxg5 Ke3 41. Kg4 Kf2 42. Kxf4 1-0

[Event "BL 9293 Bochum-Dresden"]
[Site "?"]
[Date "1993.??.??"]
[Round "?.7"]
[White "Andresen, S."]
[Black "Sonntag, HH."]
[Result "1-0"]
[WhiteElo "2350"]
[BlackElo "2415"]
[PlyCount "97"]
[EventDate "1993.??.??"]

1. c4 Nf6 2. Nc3 g6 3. e4 d6 4. d4 Bg7 5. f3 O-O 6. Be3 a6 7. Qd2 Nc6 8. Nge2
Rb8 9. Nc1 e5 10. d5 Nd4 11. Nb3 Nxb3 12. axb3 c5 13. g4 Ne8 14. Bd3 f5 15.
gxf5 gxf5 16. exf5 Bxf5 17. Ne4 Bxe4 18. Bxe4 Kh8 19. Qg2 Qh4+ 20. Qg3 Qh5 21.
Qg4 Nf6 22. Qxh5 Nxh5 23. b4 cxb4 24. Ra4 Nf4 25. Bb6 Rf7 26. Rxb4 Bf6 27. Rg1
Nh3 28. Rg4 Ng5 29. Be3 Nxe4 30. fxe4 Bd8 31. Ke2 Rc8 32. Ra4 Rcc7 33. Ra1 Rg7
34. Rxg7 Kxg7 35. Rg1+ Kf7 36. Kd3 Be7 37. Rf1+ Ke8 38. Bb6 Rc8 39. Rf5 Bd8 40.
Be3 b5 41. c5 dxc5 42. Rxe5+ Kf7 43. Rf5+ Kg6 44. Rf8 c4+ 45. Kc2 Kg7 46. Re8
Kf7 47. Rh8 Ke7 48. Bg5+ Kd7 49. Rxh7+ 1-0

[Event "BL 9293 Bielefeld-Erfurt"]
[Site "?"]
[Date "1993.??.??"]
[Round "?.1"]
[White "Casper, T."]
[Black "Richter, W."]
[Result "1/2-1/2"]
[WhiteElo "2425"]
[BlackElo "2430"]
[PlyCount "20"]
[EventDate "1993.??.??"]

1. e4 c5 2. Nf3 Nc6 3. d3 e6 4. g3 Nf6 5. Bg2 d5 6. Nbd2 Be7 7. O-O b6 8. Re1
Bb7 9. c3 Qc7 10. Qe2 O-O-O 1/2-1/2

[Event "BL 9293 Bielefeld-Erfurt"]
[Site "?"]
[Date "1993.??.??"]
[Round "?.3"]
[White "Mueller, Mat"]
[Black "Panzer, P."]
[Result "0-1"]
[WhiteElo "2395"]
[BlackElo "2330"]
[PlyCount "58"]
[EventDate "1993.??.??"]

1. e4 e6 2. d4 d5 3. Nc3 Nc6 4. Nf3 Nf6 5. Bg5 Be7 6. e5 Ne4 7. Bxe7 Qxe7 8.
Bd3 Nxc3 9. bxc3 f6 10. O-O fxe5 11. Nxe5 Nxe5 12. dxe5 Bd7 13. Qh5+ Qf7 14.
Qh4 g6 15. Rab1 b6 16. c4 dxc4 17. Qxc4 c5 18. Be4 Rd8 19. Qa6 Bc8 20. Qa4+ Kf8
21. Rbd1 Kg7 22. Rd6 Rhf8 23. f3 Rxd6 24. exd6 Qd7 25. Qa3 Qxd6 26. Qxa7+ Rf7
27. Qa8 Bd7 28. Qa3 Qd4+ 29. Kh1 Qxe4 0-1

[Event "BL 9293 Bielefeld-Erfurt"]
[Site "?"]
[Date "1993.??.??"]
[Round "?.4"]
[White "Kassebaum, R."]
[Black "Maiwald, JU."]
[Result "1/2-1/2"]
[WhiteElo "2360"]
[BlackElo "2400"]
[PlyCount "96"]
[EventDate "1993.??.??"]

1. e4 c5 2. Nf3 d6 3. d4 cxd4 4. Nxd4 Nf6 5. Nc3 Nc6 6. g3 e5 7. Nde2 h6 8. Bg2
Be7 9. O-O O-O 10. h3 a6 11. a4 Nb4 12. Be3 Be6 13. f4 Rc8 14. a5 Qd7 15. g4
Bc4 16. Rf2 Qc6 17. Ng3 Rfe8 18. Nf5 d5 19. fxe5 Nxe4 20. Nxe4 dxe4 21. Qd4 Qe6
22. Nxe7+ Qxe7 23. Qxe4 Bd5 24. Qf5 g6 25. Qf4 Bxg2 26. Kxg2 Rxc2 27. Rd1 Rxf2+
28. Kxf2 Nc6 29. Qf6 Qxe5 30. Qxe5 Rxe5 31. Bxh6 g5 32. Rd7 Rb5 33. Ke3 Nxa5
34. Ke4 Nc6 35. Rd5 Rb4+ 36. Ke3 f6 37. Rd7 Rxb2 38. Rg7+ Kh8 39. Rc7 Nb4 40.
Ke4 Re2+ 41. Kf5 Nd5 42. Rxb7 Re7 43. Rxe7 Nxe7+ 44. Ke6 Ng6 45. Kxf6 Nf4 46.
h4 Nd5+ 47. Ke5 Ne3 48. hxg5 Nxg4+ 1/2-1/2

[Event "BL 9293 Bielefeld-Erfurt"]
[Site "?"]
[Date "1993.??.??"]
[Round "?.5"]
[White "Brueggemann, Joa"]
[Black "Pohl Kuemmel, JU."]
[Result "1-0"]
[WhiteElo "2330"]
[BlackElo "2320"]
[PlyCount "75"]
[EventDate "1993.??.??"]

1. e4 d6 2. d4 Nf6 3. Nc3 g6 4. Nf3 Bg7 5. h3 O-O 6. Bc4 Nxe4 7. Nxe4 d5 8. Bd3
dxe4 9. Bxe4 Nd7 10. O-O Nf6 11. Bd3 b6 12. Re1 Bb7 13. c3 Qd6 14. Qe2 e6 15.
Bg5 c5 16. dxc5 Qxc5 17. Ne5 Nh5 18. Bc1 Rad8 19. Bc2 Ng3 20. Qc4 Qxc4 21. Nxc4
Nf5 22. a4 Bd5 23. Ne3 Nxe3 24. Bxe3 Rd7 25. Red1 Rfd8 26. a5 b5 27. a6 Bf6 28.
Rd2 Bc4 29. Rxd7 Rxd7 30. Be4 b4 31. cxb4 Bxb2 32. Rb1 Be5 33. Bc6 Rc7 34. b5
f5 35. f4 Bd6 36. Rd1 Be7 37. Rd7 Rxd7 38. Bxd7 1-0

[Event "BL 9293 Bielefeld-Erfurt"]
[Site "?"]
[Date "1993.??.??"]
[Round "?.6"]
[White "Geveke, M."]
[Black "Voekler, B."]
[Result "1/2-1/2"]
[WhiteElo "2315"]
[BlackElo "2335"]
[PlyCount "28"]
[EventDate "1993.??.??"]

1. Nf3 c5 2. c4 g6 3. g3 Bg7 4. Bg2 Nc6 5. Nc3 e5 6. O-O Nge7 7. Ne1 O-O 8. Nc2
d6 9. Rb1 Be6 10. Ne3 Qd7 11. a3 Bh3 12. b4 Bxg2 13. Kxg2 f5 14. Ned5 Nxd5
1/2-1/2

[Event "BL 9293 Dresden-Bielefeld"]
[Site "?"]
[Date "1993.??.??"]
[Round "?.1"]
[White "Bangiev, A."]
[Black "Bologan, V."]
[Result "0-1"]
[WhiteElo "2395"]
[BlackElo "2520"]
[PlyCount "94"]
[EventDate "1993.??.??"]

1. d4 Nf6 2. c4 g6 3. Nc3 Bg7 4. e4 d6 5. f4 O-O 6. Nf3 c5 7. d5 b5 8. cxb5 a6
9. bxa6 Qa5 10. Bd2 Bxa6 11. Bxa6 Qxa6 12. Qe2 Qxe2+ 13. Kxe2 Nfd7 14. Rhc1 Na6
15. Nd1 f5 16. Ng5 fxe4 17. Ne6 Rfb8 18. Nxg7 Kxg7 19. Bc3+ Kf7 20. Ne3 Nb4 21.
Bxb4 Rxb4 22. Rc2 Nb6 23. a3 Rb3 24. f5 gxf5 25. Rf1 Rxe3+ 26. Kxe3 Nxd5+ 27.
Ke2 Ke6 28. g3 Ke5 29. Ra1 f4 30. gxf4+ Nxf4+ 31. Ke3 Ne6 32. Rf2 Nd4 33. a4 d5
34. a5 Nb3 35. Ra4 d4+ 36. Ke2 Nc1+ 37. Kd1 Nd3 38. Rg2 e3 39. a6 Ke4 40. Ra3
Nf4 41. Rg7 e5 42. Re7 d3 43. a7 c4 44. Ra5 Nd5 45. Rxd5 Kxd5 46. Rxh7 Kc5 47.
Rg7 Rf8 0-1

[Event "BL 9293 Dresden-Bielefeld"]
[Site "?"]
[Date "1993.??.??"]
[Round "?.2"]
[White "Uhlmann, W."]
[Black "Panzer, P."]
[Result "1/2-1/2"]
[WhiteElo "2500"]
[BlackElo "2330"]
[PlyCount "56"]
[EventDate "1993.??.??"]

1. c4 g6 2. e4 Bg7 3. d4 d6 4. Nc3 Nf6 5. Be2 O-O 6. Bg5 Na6 7. Qd2 e5 8. Nf3
Qe8 9. d5 Nc5 10. Bxf6 Bxf6 11. b4 Nd7 12. O-O Be7 13. Rac1 Qd8 14. Bd3 Nf6 15.
Ne2 c6 16. h3 cxd5 17. cxd5 Bd7 18. Rc2 Qb6 19. Rfc1 Rfc8 20. Rxc8+ Rxc8 21.
Rxc8+ Bxc8 22. a4 Bd7 23. a5 Qc7 24. Qc3 Ne8 25. Nd2 Bg5 26. Qxc7 Nxc7 27. Nc4
Nb5 28. f3 h5 1/2-1/2

[Event "BL 9293 Dresden-Bielefeld"]
[Site "?"]
[Date "1993.??.??"]
[Round "?.4"]
[White "Kaminski, U."]
[Black "Geveke, M."]
[Result "1/2-1/2"]
[WhiteElo "2400"]
[BlackElo "2315"]
[PlyCount "47"]
[EventDate "1993.??.??"]

1. e4 e6 2. d4 d5 3. Nc3 Bb4 4. e5 c5 5. a3 Bxc3+ 6. bxc3 Qc7 7. Nf3 Nc6 8. Bd3
Nge7 9. O-O c4 10. Be2 Bd7 11. a4 f6 12. Re1 O-O-O 13. Ba3 Nf5 14. Bf1 h5 15.
g3 Rde8 16. Bh3 Nh6 17. Bg2 Nf7 18. Qe2 Qd8 19. Rab1 Kb8 20. Rb2 Bc8 21. Qd2
Ka8 22. h4 g5 23. exf6 gxh4 24. Be7 1/2-1/2

[Event "BL 9293 Dresden-Bielefeld"]
[Site "?"]
[Date "1993.??.??"]
[Round "?.5"]
[White "Beilfuss, W."]
[Black "Goldberg, A."]
[Result "1/2-1/2"]
[WhiteElo "2235"]
[BlackElo "2365"]
[PlyCount "29"]
[EventDate "1993.??.??"]

1. Nf3 Nf6 2. c4 b6 3. g3 Bb7 4. Bg2 e6 5. O-O Be7 6. d4 O-O 7. b3 c5 8. Nc3
Ne4 9. Bb2 f5 10. Qc2 Bf6 11. Rad1 Qe7 12. e3 d6 13. Ne1 Nxc3 14. Bxc3 Bxg2 15.
Nxg2 1/2-1/2

[Event "BL 9293 Erfurt-Bochum"]
[Site "?"]
[Date "1993.??.??"]
[Round "?.1"]
[White "Glek, I."]
[Black "Casper, T."]
[Result "1/2-1/2"]
[WhiteElo "2545"]
[BlackElo "2425"]
[PlyCount "54"]
[EventDate "1993.??.??"]

1. e4 e6 2. d4 d5 3. Nc3 Bb4 4. exd5 exd5 5. Bd3 Nc6 6. a3 Ba5 7. Be3 Bb6 8.
Nce2 Nge7 9. c3 Bf5 10. Ng3 Bxd3 11. Qxd3 Qd6 12. Nh3 O-O 13. O-O Rae8 14. Rae1
Nd8 15. Bg5 f6 16. Bd2 c6 17. Re2 Qd7 18. Rfe1 Ng6 19. Qf5 Qxf5 20. Nxf5 Rxe2
21. Rxe2 Nf7 22. Kf1 Rd8 23. Ne7+ Nxe7 24. Rxe7 Kf8 25. Re2 Re8 26. Nf4 Rxe2
27. Kxe2 Ke7 1/2-1/2

[Event "BL 9293 Erfurt-Bochum"]
[Site "?"]
[Date "1993.??.??"]
[Round "?.2"]
[White "Jasnikowski, Z."]
[Black "Dokhoian, Y."]
[Result "1/2-1/2"]
[WhiteElo "2460"]
[BlackElo "2510"]
[PlyCount "38"]
[EventDate "1993.??.??"]

1. d4 d5 2. c4 e6 3. Nf3 Nf6 4. Nc3 c6 5. Bg5 dxc4 6. e4 b5 7. e5 h6 8. Bh4 g5
9. Nxg5 hxg5 10. Bxg5 Nbd7 11. exf6 Bb7 12. g3 c5 13. d5 Qb6 14. Bg2 O-O-O 15.
O-O b4 16. Na4 Qb5 17. a3 exd5 18. axb4 cxb4 19. Qg4 Bd6 1/2-1/2

[Event "BL 9293 Erfurt-Bochum"]
[Site "?"]
[Date "1993.??.??"]
[Round "?.3"]
[White "Schulz, KJ."]
[Black "Mueller, Mat"]
[Result "1/2-1/2"]
[WhiteElo "2415"]
[BlackElo "2395"]
[PlyCount "58"]
[EventDate "1993.??.??"]

1. g3 d5 2. Bg2 Nf6 3. f4 g6 4. Nf3 Bg7 5. O-O O-O 6. d3 c5 7. c3 Nc6 8. Kh1 d4
9. e4 dxe3 10. Bxe3 Bf5 11. Bxc5 Bxd3 12. Re1 Re8 13. Bg1 Ba6 14. Nbd2 Qc7 15.
Ne5 Rad8 16. Nxc6 bxc6 17. Qc1 e5 18. fxe5 Ng4 19. Nf3 c5 20. Qf4 Nxe5 21. Rad1
Rxd1 22. Rxd1 Bb7 23. Nxe5 Rxe5 24. Qd2 Bxg2+ 25. Qxg2 h5 26. Qf3 Rf5 27. Qe4
Re5 28. Qf3 Rf5 29. Qe4 Re5 1/2-1/2

[Event "BL 9293 Erfurt-Bochum"]
[Site "?"]
[Date "1993.??.??"]
[Round "?.4"]
[White "Maiwald, JU."]
[Black "Backwinkel, P."]
[Result "1/2-1/2"]
[WhiteElo "2400"]
[BlackElo "2405"]
[PlyCount "41"]
[EventDate "1993.??.??"]

1. d4 d5 2. Nf3 c6 3. c4 Nf6 4. e3 a6 5. Nbd2 b5 6. b3 Bg4 7. Bd3 e6 8. O-O Be7
9. Qc2 Nbd7 10. Bb2 Bh5 11. Rfc1 Bg6 12. Bxg6 hxg6 13. Ne5 Nxe5 14. dxe5 Nd7
15. cxb5 cxb5 16. Qc6 O-O 17. a4 bxa4 18. bxa4 Bb4 19. Nf3 Nb6 20. Qc2 Nc4 21.
Bd4 1/2-1/2

[Event "BL 9293 Erfurt-Bochum"]
[Site "?"]
[Date "1993.??.??"]
[Round "?.5"]
[White "Jackelen, T."]
[Black "Brueggemann, Joa"]
[Result "1/2-1/2"]
[WhiteElo "2420"]
[BlackElo "2330"]
[PlyCount "64"]
[EventDate "1993.??.??"]

1. Nf3 d5 2. c4 e6 3. g3 c5 4. Bg2 Nc6 5. O-O Nf6 6. d4 Be7 7. dxc5 Bxc5 8. a3
O-O 9. b4 Be7 10. Bb2 Bd7 11. Nbd2 Rc8 12. Rc1 b6 13. Qb3 Qe8 14. Qa2 dxc4 15.
Nxc4 Nb8 16. Be5 Ne4 17. Nd4 f5 18. f3 Ng5 19. Nd6 Bxd6 20. Bxd6 Rf6 21. Be5
Rf8 22. f4 Nf7 23. Rxc8 Qxc8 24. Bxb8 Qc3 25. Be5 Nxe5 26. Nxe6 Re8 27. Ng5+
Kh8 28. Kh1 h6 29. fxe5 hxg5 30. Qf7 Bc6 31. e4 fxe4 32. e6 Qe5 1/2-1/2

[Event "BL 9293 Erfurt-Bochum"]
[Site "?"]
[Date "1993.??.??"]
[Round "?.6"]
[White "Voekler, B."]
[Black "Luecke, N."]
[Result "1/2-1/2"]
[WhiteElo "2335"]
[BlackElo "2410"]
[PlyCount "84"]
[EventDate "1993.??.??"]

1. e4 e6 2. d4 d5 3. Nc3 dxe4 4. Nxe4 Nd7 5. Nf3 Ngf6 6. Nxf6+ Nxf6 7. Bd3 c5
8. Bg5 Qa5+ 9. Qd2 Qxd2+ 10. Kxd2 cxd4 11. Nxd4 Bc5 12. Nb3 Be7 13. Ke2 Bd7 14.
Rhd1 Nd5 15. Bxe7 Kxe7 16. g3 Rac8 17. c3 Nb6 18. Nd4 Rhd8 19. Rac1 Nc4 20.
Bxc4 Rxc4 21. b3 Rc7 22. c4 a6 23. Nc2 g5 24. Ne3 Bc6 25. Rxd8 Kxd8 26. Rd1+
Rd7 27. Rxd7+ Kxd7 28. f4 gxf4 29. gxf4 Kd6 30. Ng4 Be4 31. b4 Bf5 32. Ne3 Bb1
33. a3 e5 34. c5+ Ke6 35. fxe5 Kxe5 36. Nc4+ Kd4 37. Nd6 Be4 38. Nxf7 Kc3 39.
h4 Kb3 40. Kd2 Bd5 41. Nd6 Kxa3 42. Kc3 Ka4 1/2-1/2

[Event "BL 9293 Erfurt-Bochum"]
[Site "?"]
[Date "1993.??.??"]
[Round "?.7"]
[White "Sonntag, HH."]
[Black "Troyke, C."]
[Result "1/2-1/2"]
[WhiteElo "2415"]
[BlackElo "2340"]
[PlyCount "55"]
[EventDate "1993.??.??"]

1. d4 Nf6 2. Nf3 g6 3. Bf4 Bg7 4. e3 O-O 5. h3 c5 6. c3 b6 7. Be2 Bb7 8. O-O d6
9. Nbd2 Nbd7 10. a4 a6 11. Qb1 Qc7 12. Rc1 Rac8 13. Bh2 cxd4 14. exd4 Rfe8 15.
Re1 Nd5 16. Bc4 Qb8 17. Qa2 N7f6 18. Ng5 Qc7 19. Bb3 Qc6 20. f3 e6 21. Nde4
Rcd8 22. Nxf6+ Bxf6 23. Ne4 Be7 24. Re2 Kg7 25. Bg3 Nf6 26. Nxf6 Bxf6 27. Rae1
Qd7 28. Bc2 1/2-1/2